000 00584nam a2200169Ia 4500
008 090711s9999 xx 000 0 und d
082 _b40545
100 _aहसमनीस द. का.
245 _aपाऊले Sाालती पंढरीSाी वाट
260 _c1979
300 _a262
600 _aहसमनीस द. का.
630 _aपाऊले Sाालती पंढरीSाी वाट
700 _aहसमनीस द. का.
730 _aपाऊले Sाालती पंढरीSाी वाट
942 _cBOOK
999 _c293698
_d293698